In Search of the Swan Maiden (Record no. 351541)
[ view plain ]
| 000 -LEADER | |
|---|---|
| fixed length control field | 00561nam a2200121Ia 4500 |
| 008 - FIXED-LENGTH DATA ELEMENTS--GENERAL INFORMATION | |
| fixed length control field | 171212s9999 xx 000 0 und d |
| 100 ## - MAIN ENTRY--PERSONAL NAME | |
| Personal name | Leavy, Barbara Fass |
| 245 ## - TITLE STATEMENT | |
| Statement of responsibility, etc | Leavy, Barbara Fass |
| Title | In Search of the Swan Maiden |
| Remainder of title | A Narrative on Folklore and Gender |
| 260 ## - PUBLICATION, DISTRIBUTION, ETC. (IMPRINT) | |
| Name of publisher, distributor, etc | New York University Press |
| Date of publication, distribution, etc | 1994 |
| 650 ## - SUBJECT ADDED ENTRY--TOPICAL TERM | |
| Topical term or geographic name as entry element | Language & Literature |
| 650 ## - SUBJECT ADDED ENTRY--TOPICAL TERM | |
| Topical term or geographic name as entry element | Swan maiden (Tale) -- History and criticism; Swan maiden (Tale) -- Classification; Women -- Folklore; Sex -- Folklore; Man-woman relationships -- Folklore |
| 856 ## - ELECTRONIC LOCATION AND ACCESS | |
| Uniform Resource Identifier | <a href="http://www.jstor.org/stable/j.ctt9qg995">http://www.jstor.org/stable/j.ctt9qg995</a> |
| Withdrawn status | Lost status | Damaged status | Home library | Current library | Date acquired | Total Checkouts | Full call number | Date last seen | Price effective from | Koha item type |
|---|---|---|---|---|---|---|---|---|---|---|
| College Library | College Library | 12/12/2017 | GR 75.S8 .L43 1994 | 12/12/2017 | 12/12/2017 | Curriculum - Based eBooks |